Score 0/47 Timer 10:00
0 Plays Today
% Correct
6C
93.8%
4
93.6%
6
89.7%
2
88.5%
5
88.3%
13
88.3%
7
87.5%
7A
86.5%
76
85.5%
1
85.1%
8
84.3%
39
83.5%
3
82.9%
10
82.7%
66
82.7%
46
81.9%
64
81.7%
44
80.7%
32
78.3%
48
77.7%
54
75.9%
62
73.8%
12
72.6%
57
71.6%
% Correct
56
70.8%
51
69.4%
68
67.8%
50
67.6%
42
67.2%
14
66.8%
16
65.2%
26
64.4%
9
62%
37
60.4%
38
60.2%
11
58.1%
6B
57.5%
43
56.7%
36
54.1%
35
44.9%
24
44.3%
18
40.2%
17
40%
33
36.4%
31
35.8%
34
35.8%
41
35%
Remove Ads.
Support Sporcle.
Get the best of Sporcle when you Go Orange. This ad-free experience offers more features, more stats, and more fun while also helping to support Sporcle. Thank you for becoming a member.

You're not logged in!

Compare scores with friends on all Sporcle quizzes.
OR
Log In

Show Comments

Extras

Created Nov 14, 2019ReportNominate
Tags:Building, camp, Identify, mit

Top Quizzes Today


Score Distribution

Your Account Isn't Verified!

In order to create a playlist on Sporcle, you need to verify the email address you used during registration. Go to your Sporcle Settings to finish the process.

Report this User

Report this user for behavior that violates our Community Guidelines.

Details: